|
|
|
|
| LEADER |
00941cam a2200265 7i4500 |
| 001 |
0000020944 |
| 005 |
20220914090000.0 |
| 008 |
080307 eng |
| 020 |
|
|
|a 0470053674 (hbk.)
|
| 020 |
|
|
|a 9780470053676 (hbk.)
|
| 040 |
|
|
|a DLC
|
| 050 |
0 |
0 |
|a TK5105.35
|
| 090 |
0 |
0 |
|a TK5105.35
|b .C454 2007
|
| 100 |
1 |
|
|a Chao, H. Jonathan
|
| 245 |
1 |
0 |
|a High performance switches and routers
|c by H. Jonathan Chao, Bin Liu.
|
| 264 |
|
|
|a Hoboken, N.J.:
|b John Wiley & Sons,
|c 2007.
|
| 300 |
|
|
|a xviii, 613 p.:
|b ill.;
|c 26 cm.
|
| 504 |
|
|
|a Includes bibliographical references and index
|
| 650 |
0 |
0 |
|a Asynchronous transfer mode
|
| 650 |
0 |
0 |
|a Computer network protocols
|
| 650 |
0 |
0 |
|a Packet switching (Data transmission)
|
| 650 |
0 |
0 |
|a Routers (Computer networks)
|
| 700 |
1 |
|
|a Liu, Bin
|
| 997 |
|
|
|a Engineering & Life Sciences, Faculty
|b Engineering, Department
|
| 999 |
|
|
|a 0000030471
|b BOK
|c OPEN SHELF
|e 2nd Floor, Bestari Jaya
|